[Event "Dos Hermanas-B"]
[Site "Dos Hermanas"]
[Date "2001.04.27"]
[Round "9"]
[White "Vega Holm, Fernando"]
[Black "Moreno Carnero, Javier"]
[Result "1/2-1/2"]
[WhiteElo "2408"]
[BlackElo "2480"]
[PlyCount "38"]
[EventDate "2001.04.19"]
[Source "ChessBase"]
[SourceDate "2001.07.05"]

1. e4 e5 2. Nf3 Nc6 3. Bb5 a6 4. Ba4 Nf6 5. O-O Be7 6. Re1 b5 7. Bb3 d6 8. c3 O-O 9. h3 Na5 10. Bc2 c5 11. d4 Qc7 12. Nbd2 Nc6 13. d5 Na5 14. b3 Bd7 15. Nf1 g6 16. Ng3 Rfe8 17. Bg5 h5 18. Qd2 Nh7 19. Bxe7 Rxe7 1/2-1/2

[Event "Sombor"]
[Site "Sombor"]
[Date "1974.??.??"]
[Round "5"]
[White "Damjanovic, Mato"]
[Black "Lengyel, Levente"]
[Result "1/2-1/2"]
[WhiteElo "2460"]
[BlackElo "2420"]
[PlyCount "32"]
[EventDate "1974.??.??"]
[Source "ChessBase"]

1. e4 e5 2. Nf3 Nc6 3. Bb5 a6 4. Ba4 Nf6 5. O-O Be7 6. Re1 b5 7. Bb3 d6 8. c3 O-O 9. h3 Na5 10. Bc2 c5 11. d4 Qc7 12. Nbd2 Nc6 13. d5 Nd8 14. a4 Rb8 15. axb5 axb5 16. b3 Ne8 1/2-1/2

[Event "Skien op"]
[Site "Skien"]
[Date "1980.??.??"]
[Round "5"]
[White "Angantysson, Haukur"]
[Black "Schneider, Lars Ake"]
[Result "1/2-1/2"]
[WhiteElo "2425"]
[BlackElo "2450"]
[PlyCount "80"]
[EventDate "1980.??.??"]
[Source "ChessBase"]

1. e4 e5 2. Nf3 Nc6 3. Bb5 a6 4. Ba4 Nf6 5. O-O Be7 6. Re1 b5 7. Bb3 d6 8. c3 O-O 9. h3 Na5 10. Bc2 c5 11. d4 Qc7 12. Nbd2 Nc6 13. dxe5 dxe5 14. Nf1 Be6 15. N3h2 Rad8 16. Qf3 c4 17. Ne3 Bc5 18. Nhg4 Nxg4 19. hxg4 Bxe3 20. Bxe3 f6 21. Qg3 g5 22. f3 Rd7 23. Qf2 Ne7 24. a4 Rb8 25. axb5 axb5 26. Ra6 Nc6 27. Rea1 Qc8 28. Bc5 Bf7 29. Rb6 Rxb6 30. Bxb6 b4 31. Ba4 Qa6 32. Kh2 Rb7 33. Bc5 Rb8 34. Qd2 bxc3 35. bxc3 Nd8 36. Bd7 Qxa1 37. Qd6 Nc6 38. Bxc6 Rc8 39. Qd7 Rf8 40. Bxf8 Qe1 1/2-1/2

[Event "Asztalos Memorial"]
[Site "Baja"]
[Date "1971.??.??"]
[Round "10"]
[White "Polgar, Istvan"]
[Black "Lengyel, Levente"]
[Result "1/2-1/2"]
[WhiteElo "2380"]
[BlackElo "2490"]
[PlyCount "47"]
[EventDate "1971.05.??"]
[Source "www.chesslib.no"]
[SourceDate "2004.05.04"]

1. e4 e5 2. Nf3 Nc6 3. Bb5 a6 4. Ba4 Nf6 5. O-O Be7 6. Re1 b5 7. Bb3 d6 8. c3 O-O 9. h3 Na5 10. Bc2 c5 11. d4 Qc7 12. Nbd2 Nc6 13. dxc5 dxc5 14. Nf1 Be6 15. Ne3 Rad8 16. Qe2 c4 17. Ng5 Bc8 18. Nf5 h6 19. Nxe7+ Nxe7 20. Nf3 Be6 21. Be3 Nd7 22. Rad1 Nc5 23. Rxd8 Rxd8 24. Rd1 1/2-1/2

[Event "DSV-Turnier"]
[Site "Leipzig GER"]
[Date "1973.??.??"]
[Round "8"]
[White "Zinn, Lothar"]
[Black "Hennings, Artur"]
[Result "1/2-1/2"]
[WhiteElo "2435"]
[BlackElo "2435"]
[PlyCount "50"]
[EventDate "1973.10.13"]
[Source "www.chesslib.no"]
[SourceDate "2004.05.04"]

1. e4 e5 2. Nf3 Nc6 3. Bb5 a6 4. Ba4 Nf6 5. O-O Be7 6. Re1 b5 7. Bb3 d6 8. c3 O-O 9. h3 Na5 10. Bc2 c5 11. d4 Qc7 12. Nbd2 Nc6 13. d5 Nd8 14. a4 Rb8 15. axb5 axb5 16. Nf1 Ne8 17. g4 g6 18. Bh6 Ng7 19. Ng3 f6 20. Qd2 Nf7 21. Bxg7 Kxg7 22. Ra2 Bb7 23. Rea1 Ra8 24. Rxa8 Rxa8 25. Rxa8 Bxa8 1/2-1/2

[Event "ESP-chTB"]
[Site "Oropesa del Mar ESP"]
[Date "1996.??.??"]
[Round "5"]
[White "Garbisu de Goni, Unai"]
[Black "Arencibia, Walter"]
[Result "1/2-1/2"]
[WhiteElo "2350"]
[BlackElo "2515"]
[PlyCount "120"]
[EventDate "1996.??.??"]
[Source "www.chesslib.no"]
[SourceDate "2004.05.04"]

1. e4 e5 2. Nf3 Nc6 3. Bb5 a6 4. Ba4 Nf6 5. O-O Be7 6. Re1 b5 7. Bb3 d6 8. c3 O-O 9. h3 Na5 10. Bc2 c5 11. d4 Qc7 12. Nbd2 Nc6 13. d5 Na7 14. b3 Bd7 15. Nf1 Nc8 16. Be3 Nb6 17. Ng3 a5 18. Qe2 c4 19. Bxb6 Qxb6 20. bxc4 bxc4 21. Nd2 Rfc8 22. Nxc4 Qc7 23. Bd3 g6 24. Rab1 Rab8 25. Rb3 a4 26. Rb4 Be8 27. Reb1 Nd7 28. Qb2 Ra8 29. Bc2 a3 30. Qc1 Ra7 31. Ba4 Nc5 32. Bxe8 Nd3 33. Bxf7+ Kxf7 34. Qh6 Kg8 35. Nxa3 Nxb4 36. Nb5 Qd8 37. Nxa7 Bg5 38. Qxg5 Qxg5 39. Nxc8 Nxa2 40. Nxd6 Nxc3 41. Rb8+ Kg7 42. Rb7+ Kg8 43. Nc4 h5 44. h4 Qc1+ 45. Kh2 Nxe4 46. Nxe4 Qf4+ 47. g3 Qxe4 48. Ne3 Kf8 49. Rc7 Qd3 50. Rc1 Ke7 51. Rd1 Qb3 52. d6+ Kd7 53. Kg1 Qa4 54. Kf1 Qb5+ 55. Ke1 Qa4 56. Ke2 Qb3 57. Rd5 Qb1 58. Kf3 Qh1+ 59. Ke2 Qb1 60. Rd1 Qb7 1/2-1/2

[Event "Stary Smokovec"]
[Site "Stary Smokovec"]
[Date "1973.??.??"]
[Round "1"]
[White "Vogt, Lothar"]
[Black "Bohosjan, Sarkis"]
[Result "1-0"]
[WhiteElo "2440"]
[BlackElo "2425"]
[PlyCount "97"]
[EventDate "1973.??.??"]
[Source "ChessBase"]

1. e4 e5 2. Nf3 Nc6 3. Bb5 a6 4. Ba4 Nf6 5. O-O b5 6. Bb3 Be7 7. Re1 d6 8. c3 O-O 9. h3 Na5 10. Bc2 c5 11. d4 Qc7 12. Nbd2 Nc6 13. d5 Nd8 14. Nf1 Ne8 15. g4 g6 16. Ng3 Ng7 17. Bh6 f6 18. Nd2 Nf7 19. Be3 Bd7 20. Kh2 Kh8 21. f4 exf4 22. Bxf4 Ne5 23. Nf3 Rab8 24. Qe2 a5 25. Rf1 a4 26. Nxe5 dxe5 27. Bh6 b4 28. c4 Rg8 29. h4 Rb6 30. Rf2 Qc8 31. g5 Qd8 32. Qe3 fxg5 33. Bxg5 Nh5 34. Raf1 b3 35. axb3 axb3 36. Bd1 Bxg5 37. hxg5 Rb4 38. Bxh5 gxh5 39. Nxh5 Rxc4 40. Nf6 Rg7 41. Qxb3 Rb4 42. Qg3 Qc7 43. Nxd7 Rxd7 44. g6 Rg7 45. Rf8+ Rg8 46. Rxg8+ Kxg8 47. gxh7+ Kxh7 48. Qh4+ Kg8 49. Rg1+ 1-0

[Event "Spring op"]
[Site "Budapest"]
[Date "1990.??.??"]
[Round "6"]
[White "Ilincic, Zlatko"]
[Black "Lengyel, Bela"]
[Result "1-0"]
[WhiteElo "2490"]
[BlackElo "2375"]
[PlyCount "121"]
[EventDate "1990.??.??"]
[Source "ChessBase"]

1. e4 e5 2. Nf3 Nc6 3. Bb5 a6 4. Ba4 Nf6 5. O-O Be7 6. Re1 b5 7. Bb3 d6 8. c3 O-O 9. h3 Na5 10. Bc2 c5 11. d4 Qc7 12. Nbd2 Nc6 13. d5 Na5 14. b3 Bd7 15. Nf1 Nb7 16. Bd2 a5 17. a3 c4 18. b4 Ra6 19. Qb1 Rfa8 20. Qb2 Qc8 21. Ng3 g6 22. Nh2 Bd8 23. Nhf1 Bb6 24. Be3 Bxe3 25. Nxe3 Ne8 26. Rec1 Qd8 27. a4 axb4 28. cxb4 Qb6 29. a5 Qd8 30. Rf1 Qg5 31. Kh2 Ng7 32. Ne2 Nh5 33. g3 Re8 34. Ng2 Nf6 35. Ng1 Nh5 36. Qc3 Qh6 37. f4 exf4 38. Nxf4 Nxf4 39. Rxf4 Qh5 40. Raf1 Nd8 41. Rf6 Qh6 42. Qf3 Qg7 43. Qf4 Re5 44. Qxe5 dxe5 45. Rxa6 Qh6 46. Kg2 Kf8 47. Ra8 Ke7 48. a6 Qd2+ 49. Rf2 Qxb4 50. a7 Qa5 51. Bb1 b4 52. Ra2 Ba4 53. Rb8 Qxa7 54. Rxb4 Qe3 55. Rbxa4 Qe1 56. Bc2 c3 57. Ra7+ Kf6 58. Rd7 Qd2+ 59. Kh1 g5 60. Rxd8 g4 61. hxg4 1-0

[Event "RUS-Cup"]
[Site "Krasnodar"]
[Date "1998.??.??"]
[Round "5"]
[White "Galkin, Alexander"]
[Black "Stambulian, Arsen"]
[Result "1/2-1/2"]
[WhiteElo "2565"]
[BlackElo "2300"]
[PlyCount "57"]
[EventDate "1998.??.??"]
[Source "www.chesslib.no"]
[SourceDate "2004.05.04"]

1. e4 e5 2. Nf3 Nc6 3. Bb5 a6 4. Ba4 Nf6 5. O-O Be7 6. Re1 b5 7. Bb3 O-O 8. h3 d6 9. c3 Na5 10. Bc2 c5 11. d4 Qc7 12. Nbd2 Nc6 13. d5 Nd8 14. a4 Qb8 15. Nf1 Ne8 16. b4 c4 17. g4 g6 18. Bh6 Ng7 19. Ng3 f6 20. Qd2 Nf7 21. Be3 Bd7 22. Kh2 Qc8 23. Rg1 Kh8 24. Qe2 Qe8 25. Ra3 Ng5 26. Nxg5 fxg5 27. Rga1 Rb8 28. axb5 axb5 29. Ra7 1/2-1/2